Представление документа в формате RUSMARC

ПолеНазваниеЗначение
  Тип записи a
  Библиографический уровень a
001 Контрольный номер RU/CBS_UL/BASE/964c8d92dce74d34adb3abff1af7d744
005 Дата корректировки 20260430142046.2
100 Данные общей обработки __
a Данные общей обработки 20260430 ||| 0rusy0189 ca
101 Язык документа 0_
a Язык текста rus
102 Страна публикации __
a Страна публикации RU
200 Заглавие и сведения об ответственности 1_
a Заглавие Где Волька нашел бутыль со стариком Хоттабычем?
e Сведения, относящиеся к заглавию [тест на знание советских детских фильмов]
f Первые сведения об ответственности А. Локалов
300 Общие примечания __
a Общие примечания 16+
461 Уровень набора _0
1 2000
a Родина
463 Уровень физической единицы _0
1 2000
a № 6
v С. 61 : фот.
1 2101
d 2023
1 001RU/CBS_UL/BASE/ed0f942c365947c3a646279fad6b8929
606 Тематические рубрики 0_
a Основная рубрика Детское художественное кино - История - СССР, 20 в. - Тесты
610 Ключевые слова 0_
a Ключевые слова кинофильмы художественные, детские фильмы, советские детские фильмы, тестирование читателей, фильмы для детей, повседневная жизнь, семейное чтение
686 Индексы других классификаций __
2 Код системы rubbk
a Классификационный индекс 85.378.4
700 Автор _1
a Фамилия Локалов
b Имя (инициалы) А.
801 Источник записи _0
a Страна RU
b Организация МБУК ЦБС г. Ульяновска
c Дата составления 20260430
g Правила каталогизации RCR
801 Источник записи _1
a Страна RU
b Организация МБУК ЦБС г. Ульяновска
c Дата составления 20260430
g Правила каталогизации RCR
901 Тип документа __
t Тип документа b
w Контрольный № источника RU/CBS_UL/BASE/ed0f942c365947c3a646279fad6b8929
909 Создатель записи __
a Создатель записи lib1